[Event "FIDE World Cup 9-12"]
[Site "Khanty-Mansiysk"]
[Date "2005.12.12"]
[Round "6.1"]
[White "Malakhov, Vladimir"]
[Black "Carlsen, Magnus"]
[Result "1/2-1/2"]
[WhiteElo "2670"]
[BlackElo "2570"]
[PlyCount "112"]
[EventDate "2005.11.27"]
[EventType "k.o."]
[EventRounds "7"]
[EventCountry "RUS"]
[SourceTitle "CBM 111"]
[Source "ChessBase"]
[SourceDate "2006.04.04"]
[SourceVersion "1"]
[SourceVersionDate "2006.04.04"]
[SourceQuality "1"]

1. g3 c5 2. c4 g6 3. Bg2 Bg7 4. Nc3 Nc6 5. Nf3 e6 6. O-O Nge7 7. e3 O-O 8. d4 cxd4 9. Nxd4 d5 10. cxd5 Nxd5 11. Nxd5 Nxd4 12. exd4 exd5 13. Qb3 Be6 14. Rd1 Qd7 15. Bf4 Rac8 16. Rac1 Rxc1 17. Rxc1 Rc8 18. Rxc8+ Qxc8 19. Qa4 $146 ({RR} 19. Bxd5 Bxd4 20. Qxb7 Qxb7 21. Bxb7 Bxb2 22. Be3 Bxa2 23. Bxa7 h5 24. h4 Kg7 25. Be3 Be6 26. Bf3 Ba1 27. Kg2 Bf6 28. Bg5 Bxg5 29. hxg5 f6 30. gxf6+ Kxf6 {½-½ (30) Kempinski,R (2583)-Mista,A (2576) Polanica Zdroj 2013}) ({RR} 19. Bxd5 Bxd4 20. Qxb7 Qxb7 21. Bxb7 Bxb2 22. a4 Bd4 23. Bc6 Bc5 24. Kg2 Kf8 25. Bg5 Bg4 26. Bf6 Be2 27. h3 h6 28. g4 g5 29. Bd7 Bb6 30. Bc6 Bc5 {½-½ (30) Antoniewski,R (2532)-Mista,A (2593) Poland 2016}) 19... a6 20. h4 h5 21. a3 b5 22. Qd1 Qc4 23. Be3 b4 24. Bf1 Qa2 25. axb4 Qxb2 26. Qe1 Qa3 27. Bc1 Qb3 28. Be3 Qa3 29. Kh2 Bf5 30. Bc1 Qa2 31. Be3 Be4 32. Qe2 Qb3 33. Qxa6 Qxb4 34. Qb5 Qe7 35. Be2 Qf6 36. Qb3 Qf5 37. Qc3 Bf6 38. Qe1 Kg7 39. Qd1 Qe6 40. Qd2 Kh7 41. f3 Bf5 42. Kg2 Bh3+ 43. Kf2 Qb6 44. Bd3 Bd7 45. Qc3 Kg7 46. Bf1 Qa7 47. Qb2 Qa4 48. Be2 Bf5 49. Kg2 Be6 50. Bf2 Bf5 51. Be3 Be6 52. Kf1 Bc8 53. Kg2 Ba6 54. Bxa6 Qxa6 55. Qd2 Qc4 56. Bf2 Qc6 1/2-1/2

[Event "NOR-ch"]
[Site "Fredrikstad"]
[Date "2003.07.09"]
[Round "6"]
[White "Lie, Espen"]
[Black "Carlsen, Magnus"]
[Result "0-1"]
[WhiteElo "2260"]
[BlackElo "2385"]
[PlyCount "110"]
[EventDate "2003.07.04"]
[EventType "tourn"]
[EventRounds "9"]
[EventCountry "NOR"]
[SourceTitle "CBM 095 Extra"]
[Source "ChessBase"]
[SourceDate "2003.09.04"]
[SourceVersion "1"]
[SourceVersionDate "2003.09.04"]
[SourceQuality "1"]

1. c4 g6 2. g3 Bg7 3. Bg2 c5 4. Nc3 Nc6 5. a3 e6 6. b4 d6 7. Rb1 Nge7 ({RR} 7... Nf6 8. e3 O-O 9. Nge2 cxb4 10. axb4 d5 11. c5 a5 12. b5 Ne5 13. Qc2 h5 14. O-O h4 15. f4 hxg3 16. fxe5 gxh2+ 17. Kh1 Nh5 18. d4 Bd7 19. Bf3 Qh4 20. Bxh5 Qxh5 21. Nf4 {1-0 (21) Haack,K (2297)-Baeuml,U (2107) Schwaebisch Gmuend GER 2024}) 8. e3 ({RR} 8. Nf3 O-O 9. O-O b6 10. Qc2 Bb7 11. b5 Na5 12. d3 d5 13. Rd1 Nf5 14. Bg5 Nd4 15. Qc1 Nab3 16. Bxd8 Nxc1 17. Rdxc1 Nxf3+ 18. Bxf3 Rfxd8 19. a4 Rab8 20. cxd5 exd5 21. a5 Rd6 22. Na4 Bc8 {Ivanchuk,V (2779)-Aronian,L (2808) Monte Carlo 2011 0-1 (51)}) 8... O-O 9. Nge2 Rb8 10. Qa4 $146 ({RR} 10. O-O b6 11. d4 Bb7 12. b5 Na5 13. Qa4 Bxg2 14. Kxg2 cxd4 15. exd4 Qc7 16. c5 dxc5 17. Bf4 e5 18. dxe5 Bxe5 19. Rbd1 Rbd8 20. Qe4 f6 21. Bh6 Rfe8 22. f4 Nf5 23. Nd5 Bd4 24. Qxe8+ Rxe8 {Titz,H (2280)-Sapi,L (2325) Austria 1996 0-1 (47)}) ({RR} 10. d4 cxd4 11. exd4 e5 12. Bb2 Bg4 13. h3 Bf5 14. d5 Nd4 15. Ne4 Nxe2 16. Qxe2 b5 17. Nxd6 Bxb1 18. Nxb5 Rxb5 19. cxb5 Nxd5 20. O-O Bf5 21. Rd1 e4 22. Bxg7 Kxg7 23. Qb2+ Qf6 24. Qxf6+ Nxf6 {De Carlo,F (1864)-Manguso,M (2054) Torre del Greco 2006 0-1 (55)}) 10... b6 11. O-O Bb7 12. f4 Qd7 13. Bb2 Rfd8 14. Ne4 Nd4 15. Qd1 Nxe2+ 16. Qxe2 Bxe4 17. Bxe4 Bxb2 18. Rxb2 b5 19. cxb5 d5 20. Bc2 Qxb5 21. Qxb5 Rxb5 22. Bd3 Rb6 23. Rc1 c4 24. Be2 Ra6 25. Rc3 Nf5 26. d3 Nxe3 27. dxc4 Nxc4 28. Bxc4 dxc4 29. b5 Ra5 30. Rb4 Rd3 31. Rbxc4 Rd1+ 32. Kg2 Rxb5 33. Rc7 Rd2+ 34. Kf3 a5 35. Ra7 h5 36. a4 Rbd5 37. Rc8+ Kg7 38. Rcc7 Rf5 39. h3 Rd3+ 40. Kg2 h4 41. gxh4 Rd4 42. Kg3 Rxa4 43. Rc3 Rfxf4 44. Rxa5 Rxh4 45. Rac5 Rh5 46. Rxh5 gxh5 47. Rb3 Kg6 48. Rc3 h4+ 49. Kf3 Kf5 50. Rb3 e5 51. Ke3 Ra2 52. Kd3 Rg2 53. Rb1 Rg3+ 54. Kc4 Rxh3 55. Kd5 Rd3+ 0-1

[Event "NOR-chTA final"]
[Site "Trondheim"]
[Date "2004.05.19"]
[Round "1.1"]
[White "Egeli, Per Ove"]
[Black "Carlsen, Magnus"]
[Result "0-1"]
[WhiteElo "2298"]
[BlackElo "2552"]
[PlyCount "92"]
[EventDate "2004.05.19"]
[EventType "team"]
[EventRounds "5"]
[EventCountry "NOR"]
[SourceTitle "CBM 100 Extra"]
[Source "ChessBase"]
[SourceDate "2004.07.06"]
[SourceVersion "2"]
[SourceVersionDate "2004.07.06"]
[SourceQuality "1"]
[WhiteTeam "08"]
[BlackTeam "06"]
[WhiteTeamCountry "NOR"]
[BlackTeamCountry "NOR"]

1. c4 g6 2. g3 Bg7 3. Bg2 Nf6 4. Nc3 O-O 5. e4 c5 6. Nge2 Nc6 7. d3 d6 8. O-O Ne8 9. Be3 Nd4 10. Rb1 a5 11. a3 Nc7 ({RR} 11... a4 12. f4 Bd7 13. Bf2 Nc7 14. Nxd4 cxd4 15. Nd5 Na6 16. g4 e6 17. Nb4 Nc5 18. Nc2 e5 19. Bg3 f5 20. exf5 gxf5 21. Bd5+ Kh8 22. g5 e4 23. Nb4 Rc8 24. Bf2 exd3 25. Nxd3 Ne4 26. Nb4 {Eljanov,P (2658)-Radjabov,T (2729) Fuegen 2006 ½-½ (44)}) 12. b4 axb4 13. axb4 b6 ({RR} 13... Nce6 14. bxc5 dxc5 15. Nd5 Nxe2+ 16. Qxe2 Nd4 17. Bxd4 Bxd4 18. e5 Be6 19. Rxb7 Bxd5 20. Bxd5 e6 21. Bg2 Ra3 22. h4 h5 23. Kh2 Qa5 24. Be4 Kg7 25. Kg2 Ra2 26. Qf3 Bxe5 27. g4 Rb2 28. Rxb2 {King,A (2263)-Cruz,W (2216) chess.com INT 2024 0-1 (45)}) 14. Nd5 $146 ({RR} 14. Qc1 Ra7 15. Bh6 Bb7 16. Bxg7 Kxg7 17. Qb2 Ra6 18. Nxd4 cxd4 19. Nd5 e5 20. f4 Nxd5 21. cxd5 f6 22. Rbc1 Qd7 23. fxe5 dxe5 24. Rc2 Raa8 25. Rfc1 Rac8 26. h4 Rxc2 27. Rxc2 Rc8 28. Kh2 Rxc2 {Williams,S (2335)-Bakre,T (2290) Calicut 1998 ½-½ (31)}) ({RR} 14. Qd2 Bd7 15. f4 Bg4 16. f5 Bxe2 17. Nxe2 Nxe2+ 18. Qxe2 Ra3 19. g4 e6 20. g5 exf5 21. exf5 Be5 22. bxc5 bxc5 23. Rb7 Re8 24. Bc6 Rf8 25. Be4 Bd4 26. Bxd4 Qxg5+ 27. Qg2 Qxg2+ 28. Kxg2 cxd4 {Eljanov,P (2697)-Ozen,B (2369) chess.com INT 2022 1-0}) 14... Nxd5 15. cxd5 Ra2 16. Nxd4 cxd4 17. Qb3 Ra7 18. Bd2 Bd7 19. Ra1 Qa8 20. Qb2 Bb5 21. Rxa7 Qxa7 22. Ra1 Qd7 23. Bf1 f5 24. Qa3 fxe4 25. dxe4 Bxf1 26. Rxf1 Qb5 27. Bg5 Re8 28. Qa7 Kf7 29. h4 Qe2 30. Qxb6 h6 31. Bf4 g5 32. hxg5 hxg5 33. Bxg5 Rh8 34. Qc7 Qxe4 35. f3 Qe2 36. Bh4 Bf6 37. Qd7 Bxh4 38. Qe6+ Qxe6 39. dxe6+ Kxe6 40. gxh4 Rxh4 41. Re1+ Kd7 42. Kg2 e5 43. Kg3 Rh8 44. f4 Rg8+ 45. Kf3 Rf8 46. Re4 Kc6 0-1

[Event "Tata Steel-A 75th"]
[Site "Wijk aan Zee"]
[Date "2013.01.12"]
[Round "1"]
[White "Carlsen, Magnus"]
[Black "Caruana, Fabiano"]
[Result "1/2-1/2"]
[WhiteElo "2861"]
[BlackElo "2781"]
[PlyCount "73"]
[EventDate "2013.01.12"]
[EventType "tourn"]
[EventRounds "13"]
[EventCountry "NED"]
[EventCategory "20"]
[SourceTitle "CBM 153"]
[Source "ChessBase"]
[SourceDate "2013.03.14"]
[SourceVersion "1"]
[SourceVersionDate "2013.03.14"]
[SourceQuality "1"]

1. c4 g6 2. e4 e5 3. Nc3 Bg7 4. g3 d6 5. Nge2 c5 6. d3 Nc6 7. Bg2 Nge7 8. a3 ({RR} 8. f4 Bg4 9. h3 Bxe2 10. Nxe2 exf4 11. gxf4 f5 12. Rb1 Rb8 13. Bd2 Qd7 14. a3 Nd4 15. b4 Nxe2 16. Qxe2 b6 17. b5 O-O 18. O-O Rbe8 19. Rbe1 Kh8 20. Kh2 Ng8 21. e5 dxe5 22. Bc6 Qd4 {Moskalenko,V (2569)-Peralta,F (2558) Barcelona 2008 0-1 (38)}) 8... Nd4 $146 ({RR} 8... a6 9. Rb1 Rb8 10. b4 cxb4 11. axb4 b5 12. cxb5 axb5 13. O-O O-O 14. f4 Be6 15. Nd5 f5 16. Be3 Nd4 17. fxe5 dxe5 18. Nxd4 exd4 19. Bg5 Bxd5 20. exd5 h6 21. Bd2 Qd7 22. Qb3 Kh7 23. Rbc1 {Sofrevski,J-Bertok,M Titograd 1965 ½-½ (32)}) ({RR} 8... O-O 9. Rb1 Be6 10. b4 b6 11. O-O Rb8 12. b5 Nd4 13. h3 Qd7 14. Kh2 f5 15. exf5 Rxf5 16. f4 Rh5 17. h4 Bg4 18. Qe1 Nef5 19. Nxd4 Nxd4 20. Rf2 Rf8 21. Ne4 h6 22. Qf1 Qd8 23. Rbb2 {Brunke,P (2257)-Sepe,G (2003) Werther GER 2025 ½-½}) ({RR} 8... O-O 9. Rb1 Rb8 10. b4 Nd4 11. b5 Bg4 12. O-O Nf3+ 13. Kh1 f5 14. h3 Bh5 15. Qc2 Qd7 16. Ng1 Nd4 17. Qd2 f4 18. g4 f3 19. gxh5 Rf4 20. Qe1 Rh4 21. hxg6 Qg4 22. gxh7+ Rxh7 {0-1 (22) Hickman,A (1936)-Levermore,P (2066) West Bromwich 2003}) 9. b4 Bg4 10. h3 Bxe2 11. Nxe2 Nxe2 12. Qxe2 Nc6 13. Rb1 b6 14. O-O O-O 15. Be3 Rc8 16. Qd2 Rc7 17. Kh1 Kh8 18. Rb2 f5 19. Rbb1 Nd4 20. Bxd4 cxd4 21. exf5 gxf5 22. Bd5 Qe8 23. b5 Re7 24. Rbe1 e4 25. f4 exf3 26. Rxe7 Qxe7 27. Rxf3 Be5 28. a4 Qg7 29. Qf2 Rf6 30. Rxf5 Bxg3 31. Qf3 Be5 32. Be6 Rxf5 33. Bxf5 Qg5 34. Be4 Kg7 35. Qg4 Qxg4 36. hxg4 h6 37. Kg2 1/2-1/2

[Event "Outdoor Exhibition Match"]
[Site "Bergen"]
[Date "2004.08.06"]
[Round "1.2"]
[White "Agdestein, Simen"]
[Black "Carlsen, Magnus"]
[Result "0-1"]
[WhiteElo "2614"]
[BlackElo "2567"]
[PlyCount "86"]
[EventDate "2004.08.06"]
[EventType "match"]
[EventRounds "2"]
[EventCountry "NOR"]
[SourceTitle "EXT 2023"]
[Source "ChessBase"]
[SourceDate "2022.10.05"]
[SourceVersion "1"]
[SourceVersionDate "2022.10.05"]
[SourceQuality "1"]

1. c4 g6 2. Nc3 c5 3. g3 Bg7 4. Bg2 Nc6 5. d3 d6 6. Bd2 Nh6 ({RR} 6... Qd7 7. a3 b6 8. b4 Bb7 9. b5 Ne5 10. Nf3 Nxf3+ 11. Bxf3 Bxf3 12. exf3 e6 13. O-O Ne7 14. Ra2 O-O 15. Qc2 Nf5 16. Ne2 d5 17. Rb1 Qb7 18. Rb3 Rad8 19. Kg2 Rd7 20. a4 Rfd8 21. Bg5 {Granda Zuniga,J (2674)-Felgaer,R (2577) Praia da Pipa 2014 1-0 (63)}) ({RR} 6... Nf6 7. Rb1 O-O 8. a3 a5 9. Nf3 Bd7 10. Qc1 Re8 11. Ng5 Qc8 12. Nd5 Nxd5 13. Bxd5 e6 14. Bg2 f5 15. Nf3 Ra7 16. Bh6 Bf6 17. h4 Nd4 18. h5 Bc6 19. Nxd4 Bxg2 20. Rh2 cxd4 21. Rxg2 {Callenberg,R (1975)-Schlueter,C (1995) Germany 2016 0-1 (37)}) 7. h3 $146 ({RR} 7. h4 f5 8. h5 Ng4 9. Nf3 e5 10. Nd5 e4 11. dxe4 fxe4 12. Nh2 Nxh2 13. Rxh2 Bf5 14. hxg6 Bxg6 15. Qc1 O-O 16. Bc3 Ne5 17. Rh4 Bf6 18. Nxf6+ Qxf6 19. Rf4 Qe6 20. Bxe4 Nxc4 21. Bxg6 hxg6 {Heinicke,H-Ehrat,J Luzern 1952 1-0 (41)}) ({RR} 7. h4 Ng4 8. h5 O-O 9. a3 e6 10. Rb1 a5 11. Nh3 Qe7 12. hxg6 fxg6 13. e3 Nf6 14. Nf4 Bd7 15. Ne4 e5 16. Nd5 Nxd5 17. cxd5 Nd8 18. b4 cxb4 19. axb4 a4 20. b5 Nf7 21. Nc3 a3 {Perez Garcia,R (2385)-Becerra Rivero,J (2510) Matanzas 1997 0-1 (34)}) 7... Nf5 8. g4 Nfd4 9. e3 Ne6 10. Nge2 Bd7 11. f4 Rb8 12. O-O Nc7 13. Rb1 b5 14. Nxb5 Nxb5 15. cxb5 Rxb5 16. Bc3 O-O 17. Bxg7 Kxg7 18. Nc3 Rb8 19. f5 Ne5 20. Nd5 e6 21. f6+ Kh8 22. Nc3 Bb5 23. Nxb5 Rxb5 24. g5 Rb4 25. a3 Rh4 26. Rf4 Rxf4 27. exf4 Nd7 28. h4 Nxf6 29. gxf6 Qxf6 30. Qg4 Rb8 31. h5 Kg7 32. Kh2 Rb3 33. Bf1 Rxb2+ 34. Rxb2 Qxb2+ 35. Bg2 Qxa3 36. f5 exf5 37. h6+ Kxh6 38. Qf4+ Kg7 39. Qxd6 Qc3 40. Bd5 a5 41. Qe7 Qd2+ 42. Kg1 Qxd3 43. Bxf7 Qd4+ 0-1

[Event "London Classic 2nd"]
[Site "London"]
[Date "2010.12.08"]
[Round "1"]
[White "McShane, Luke J"]
[Black "Carlsen, Magnus"]
[Result "1-0"]
[WhiteElo "2645"]
[BlackElo "2802"]
[Annotator "McShane,Luke"]
[PlyCount "77"]
[EventDate "2010.12.06"]
[EventType "tourn"]
[EventRounds "7"]
[EventCountry "ENG"]
[EventCategory "19"]
[SourceTitle "CBM 140"]
[Source "ChessBase"]
[SourceDate "2011.01.18"]
[SourceVersion "1"]
[SourceVersionDate "2011.01.18"]
[SourceQuality "1"]

1. c4 c5 2. g3 g6 3. Bg2 Bg7 4. Nc3 Nc6 5. Nf3 d6 6. O-O Nh6 7. d4 $5 {With this interesting idea, White voluntarily gives up the bishop pair in order to increase his lead in development.} (7. b3 {was played in Flores-Carlsen at the Khanty Mansiysk-Olympiad in 2010}) 7... cxd4 8. Bxh6 Bxh6 9. Nxd4 Ne5 {[%csl Gc8,Gg2,Gh6][%cal Yg2a8] An ambitious decision, refusing to simplify the position.} 10. Qb3 O-O 11. Rfd1 {[%csl Rd8,Rh6][%cal Yc4c5,Yd4f5,Yd1d8] The position is calm on the surface, but the situation is tense. Black's queenside is under pressure, but if Black can catch up in development then his pair of bishops will give him an advantage, so it's important for White to keep up the momentum and create threats. This move creates the idea of c4-c5, and if d6xc5 then d4-f5 with a discovered attack.} Nd7 12. Qa3 a5 $146 ({RR} 12... Bg7 13. b4 Nb6 14. c5 dxc5 15. bxc5 Bxd4 16. cxb6 Bg4 17. Bxb7 Bxf2+ 18. Kg2 Bd4 19. h3 Be6 20. Rab1 Rb8 21. Bf3 Rxb6 22. e3 Bxh3+ 23. Kh2 Rxb1 24. Nxb1 Bf5 25. Rxd4 Qc7 26. Nc3 Rb8 27. Rd2 {Grachev,B (2669)-Sasikiran,K (2676) Lublin 2011 1-0 (40)}) 13. b4 $5 {[%csl Ga3][%cal Ya3a8,Yc4c5] A brave decision which took some time. I wanted to seize the initiative before my opponent had a chance to unravel his queenside. The immediate threat is to advance c4-c5 which would break through the queenside defences.} Ra6 {[%csl Ga6][%cal Ya5b4,Yb7a6]} (13... Nb6 {was the critical response, hitting c4 and protecting the rook on a8 so that axb4 becomes possible. Now after} 14. c5 Nc4 15. Qb3 Nd2 $5 {is a surprising shot. During the game I thought White had good chances in the tactical melee which arises after 16.d5!?, but perhaps} 16. Qa4 {is the correct follow up after all.}) 14. b5 Ra8 {It's not obvious who has gained from the pawn's advance to b5. If White can break through, the advanced pawn will be an asset, but if Black can get a grip on c5 then the c4-pawn will be a long term weakness.} 15. e3 a4 16. Rab1 Bg7 17. Ne4 {[%cal Yc4c5] White is threatening c4-c5 again, which would open the floodgates for the rest of my pieces. It's correct to prevent that, but I had foreseen the nice maneouvre with the other knight.} Qb6 18. Nc6 $1 {[%csl Gc6,Gd5,Re7][%cal Yc6e7,Yc6b4,Yb4d5]} Re8 ({Capturing the knight wasn't a great option:} 18... bxc6 19. bxc6 Qc7 (19... Qxc6 20. Nf6+ {wins the queen.}) 20. cxd7 Bxd7 21. c5 {and White will probably pick up a pawn.}) 19. Nb4 {[%csl Rb6,Gd5,Ge4][%cal Yb4d5,Yc4c5] Heading for a nice square on d5.} f5 {Certainly ugly, but both of us thought this was a necessary evil. Perhaps though, moving the queen away was the best bet.} 20. Nc3 $6 (20. Nd5 $1 Qd8 21. Ng5 $1 {was the strongest continuation, threatening to hop into the hole on e6. After} Nc5 22. b6 {threatens a fork on c7. If both the rooks flee then} Rf8 23. Nc7 Rb8 24. Rb5 $1 {is incisive, and Black has no good answer to xc5.}) 20... Qc5 $2 (20... e6 $1 {was the best defence. I was looking at some ideas with} 21. Na6 $5 {but the position remains messy. Retreating the knight to d3 should preserve an edge though.}) 21. Nxa4 Qa7 22. Na6 $3 {[%csl Ga6,Ra7,Gg2][%cal Yg2a8,Yb5b6,Ya6c7] Certainly Magnus missed the force of this knight sacrifice. The threat is a6-c7 and taking the knight comes with its own problems.} bxa6 (22... Rf8 23. c5 $1 Nxc5 24. N4xc5 dxc5 25. Qxc5 {and the knight still can't be taken:} bxa6 26. b6 Qb8 27. Qd5+ $18) 23. b6 Nxb6 24. Rxb6 $1 (24. Nxb6 Rb8 {is less convincing.}) 24... Rb8 25. c5 $1 Be6 {Black faced an unappealing choice.} ({The alternative was} 25... dxc5 26. Qxc5 Rxb6 27. Nxb6 Be6 28. Qc6 Bf7 29. Bd5 {and Black is in huge trouble.} e6 $2 {allows a pretty finish:} 30. Nc8 Qb8 31. Bxe6 $1 Rxe6 32. Rd8+ Bf8 33. Ne7+ $1 Kg7 34. Rxb8 Rxc6 35. Nxc6 {with an easy win.}) 26. Rdb1 dxc5 27. Rb7 Rxb7 28. Rxb7 Qa8 29. Nxc5 Qc8 (29... Bf7 30. Rxe7 $1 {is winning comfortably, as a6 will also drop off after the exchange of rooks.} Qb8 31. Rxe8+ Qxe8 32. Qxa6 {etc.}) 30. Qxa6 Bf7 (30... Qxc5 31. Qxe6+ Kh8 32. Bc6 {[%csl Re7] wins the e7-pawn as well.}) 31. Bc6 Rd8 32. Nd7 $1 {[%csl Gd7][%cal Yb7c7,Ya6b6,Yb7b8] The neatest way to finish. The threat is simply to play b6 followed by c7 or b8 to trap the queen, and there is no good response.} Rxd7 (32... Be6 33. Qb6 Rxd7 34. Rb8 $1 {wins with a pin.}) 33. Bxd7 Qc1+ 34. Qf1 Qxf1+ 35. Kxf1 Bc4+ 36. Kg1 Bxa2 37. Ba4 $1 {[%cal Ya4b3] Forcing off a pair of bishops makes the technical task much simpler.} e5 38. f3 $1 {A final accurate move. After exchanging bishops, White will play e3-e4 to fix a weakness on e5 before advancing the king.} Bh6 39. Bb3+ 1-0

[Event "Olympiad-39"]
[Site "Khanty-Mansiysk"]
[Date "2010.09.29"]
[Round "8.1"]
[White "Flores, Diego"]
[Black "Carlsen, Magnus"]
[Result "0-1"]
[WhiteElo "2615"]
[BlackElo "2826"]
[Annotator "ChessBase"]
[PlyCount "86"]
[EventDate "2010.09.21"]
[EventType "team-swiss"]
[EventRounds "11"]
[EventCountry "RUS"]
[SourceTitle "CBM 139"]
[Source "ChessBase"]
[SourceDate "2010.11.18"]
[SourceVersion "1"]
[SourceVersionDate "2010.11.18"]
[SourceQuality "1"]
[WhiteTeam "Argentina"]
[BlackTeam "Norway"]
[WhiteTeamCountry "ARG"]
[BlackTeamCountry "NOR"]

1. c4 g6 2. Nc3 c5 3. g3 Bg7 4. Bg2 Nc6 5. Nf3 d6 6. O-O Nh6 7. b3 O-O 8. Bb2 Rb8 9. e3 Nf5 10. d3 a6 11. Qe2 b5 12. Nd5 e6 13. Bxg7 Nxg7 14. Nc3 b4 $146 ({RR} 14... d5 15. cxd5 exd5 16. d4 cxd4 17. Nxd4 Nxd4 18. exd4 Bb7 19. Rfe1 Re8 20. Qd2 Rxe1+ 21. Rxe1 Ne6 22. Re5 Qb6 23. Nxd5 Qxd4 24. Qxd4 Nxd4 25. Re7 Kf8 26. Rd7 Bc6 27. Nf6 Ne2+ 28. Kf1 Bxg2+ 29. Kxg2 {Onischuk,A (2640)-Muradli,M (2588) New York USA 2024 1-0 (53)}) 15. Ne4 f5 $1 16. Ned2 e5 $1 {#In yesterday's report, it was mentioned that avoiding Elo loss in this Olympiad was not obvious, but truthfully, if Magnus continues his revenge warpath, he may even gain a few by the end of the event.} 17. a3 bxa3 18. Rxa3 Nb4 19. Rc1 Bb7 20. Ne1 Bxg2 21. Kxg2 Rb6 22. Nc2 Qa8+ 23. f3 $2 {A mistake that further weakens the kingside. Kg1 was safer.} Nc6 24. Rf1 Qb7 25. Kg1 Ne6 26. f4 exf4 27. gxf4 Qg7 28. Raa1 Re8 29. Ra2 Qc3 30. Ne1 Nb4 31. Nb1 Qg7 32. Ra3 d5 33. cxd5 Nxd5 34. Ng2 {#} Nd4 $1 35. Qf2 {White loses a pawn.} (35. Qb2 $2 {loses to} Nf3+ 36. Rxf3 Qxb2) (35. Qa2 {runs into} Nxe3) 35... Nxb3 36. Qa2 Qb7 37. Qc2 Nxe3 38. Nxe3 Rxe3 39. Nc3 Nd4 40. Qa2+ Kg7 41. Qd5 Rxd3 42. Qe5+ Kh6 43. Qxc5 Rb2 0-1

[Event "London Classic 4th"]
[Site "London"]
[Date "2012.12.03"]
[Round "3"]
[White "Kramnik, Vladimir"]
[Black "Carlsen, Magnus"]
[Result "1/2-1/2"]
[WhiteElo "2795"]
[BlackElo "2848"]
[PlyCount "124"]
[EventDate "2012.12.01"]
[EventType "tourn"]
[EventRounds "9"]
[EventCountry "ENG"]
[EventCategory "21"]
[SourceTitle "CBM 152"]
[Source "ChessBase"]
[SourceDate "2013.01.15"]
[SourceVersion "1"]
[SourceVersionDate "2013.01.15"]
[SourceQuality "1"]

1. Nf3 c5 2. c4 Nc6 3. Nc3 e5 4. g3 g6 5. Bg2 Bg7 6. O-O Nge7 7. a3 a5 8. Ne1 d6 9. Nc2 O-O 10. d3 Rb8 11. Rb1 Be6 12. b4 axb4 13. axb4 cxb4 ({RR} 13... Nxb4 14. Nxb4 cxb4 {½-½ (15) Ivanov,M (2396)-Todorovic,N (2312) Kragujevac 2015}) 14. Nxb4 Nxb4 15. Rxb4 d5 $146 16. cxd5 Nxd5 17. Nxd5 Bxd5 18. Rb5 Bxg2 19. Kxg2 Qd7 20. Qb3 Rfc8 21. Bb2 Qd6 22. Rb1 Rc5 23. Rb6 Rc6 24. Rxb7 Rxb7 25. Qxb7 Rb6 26. Qc8+ Qf8 27. Qd7 h5 28. e4 Qd6 29. Qe8+ Qf8 30. Qd7 Qd6 31. Qxd6 Rxd6 32. Rd1 f5 33. f3 fxe4 34. fxe4 Rb6 35. Bc3 Rb3 36. Ba1 Kf7 37. Kf3 Ke6 38. h3 Bh6 39. Ke2 Bg5 40. Rg1 Bh6 41. h4 Kd6 42. Rd1 Ke6 43. Rf1 Rb4 44. Rd1 Rb3 45. Rg1 Kf6 46. Rh1 Ke6 47. Rd1 Kf6 48. d4 Re3+ 49. Kf2 Rxe4 50. dxe5+ Kf5 51. Rd7 Kg4 52. Rd6 Be3+ 53. Ke2 Bf4+ 54. Kd3 Re3+ 55. Kc4 Bxe5 56. Rxg6+ Kf3 57. Bxe5 Rxe5 58. Rg5 Re4+ 59. Kd5 Rg4 60. Ke5 Kxg3 61. Rxh5 Rxh4 62. Rxh4 Kxh4 1/2-1/2